[Event "2023 US National Elementary K-6 Championship"]
[Site "Baltimore, Maryland, United States"]
[Date "2023.05.12"]
[Round "1.19"]
[White "Shangin, Lev"]
[Black "Wagh, Sidhaant"]
[Result "1-0"]
[TimeControl "G/90; d10"]
[WhiteElo "1891"]
[BlackElo "1080"]

1. d4 {[%clk 01:30:00]} d5 {[%clk 01:29:54]} 2. c4 {[%clk 01:29:51]} {[%emt
00:00:53]} c6 {[%clk 01:29:54]} 3. Nf3 {[%clk 01:29:24]} Nf6 {[%clk 01:29:51]}
{[%emt 00:00:08]} 4. Nc3 {[%clk 01:29:00]} {[%emt 00:00:35]} dxc4 {[%clk
01:29:50]} {[%emt 00:00:09]} 5. e3 {[%clk 01:27:31]} {[%emt 00:01:41]} Bf5
{[%clk 01:29:03]} {[%emt 00:01:00]} 6. Bxc4 {[%clk 01:27:05]} {[%emt 00:00:33]}
e6 {[%clk 01:28:39]} {[%emt 00:00:42]} 7. O-O {[%clk 01:26:34]} {[%emt
00:00:32]} Bb4 {[%clk 01:28:25]} {[%emt 00:00:25]} 8. a3 {[%clk 01:25:26]}
{[%emt 00:01:18]} Ba5 {[%clk 01:28:22]} {[%emt 00:00:36]} 9. Re1 {[%clk
01:24:42]} {[%emt 00:00:30]} O-O {[%clk 01:26:16]} {[%emt 00:02:41]} 10. b4
{[%clk 01:23:15]} {[%emt 00:01:14]} Bc7 {[%clk 01:26:05]} {[%emt 00:00:14]} 11.
e4 {[%clk 01:22:19]} {[%emt 00:01:18]} Bg4 {[%clk 01:25:39]} {[%emt 00:01:12]}
12. e5 {[%clk 01:19:16]} {[%emt 00:02:29]} Nd5 {[%clk 01:25:31]} {[%emt
00:00:21]} 13. Nxd5 {[%clk 01:19:08]} {[%emt 00:00:14]} exd5 {[%clk 01:25:22]}
{[%emt 00:00:29]} 14. Bd3 {[%clk 01:19:08]} {[%emt 00:00:04]} h6 {[%clk
01:24:58]} {[%emt 00:00:29]} 15. h3 {[%clk 01:18:50]} {[%emt 00:00:35]} Bh5
{[%clk 01:24:45]} {[%emt 00:00:15]} 16. g4 {[%clk 01:16:02]} {[%emt 00:03:02]}
Bg6 {[%clk 01:24:19]} {[%emt 00:00:34]} 17. Bxg6 {[%clk 01:16:00]} {[%emt
00:00:12]} fxg6 {[%clk 01:24:18]} {[%emt 00:00:28]} 18. Kg2 {[%clk 01:15:08]}
{[%emt 00:00:45]} Nd7 {[%clk 01:21:39]} {[%emt 00:02:48]} 19. e6 {[%clk
01:11:48]} {[%emt 00:03:35]} Rxf3 {[%clk 01:21:22]} {[%emt 00:00:27]} 20. Qxf3
{[%clk 01:10:58]} {[%emt 00:01:20]} Nf6 {[%clk 01:20:52]} {[%emt 00:00:15]} 21.
g5 {[%clk 01:07:36]} {[%emt 00:03:32]} Nh5 {[%clk 01:19:57]} {[%emt 00:01:20]}
22. e7 {[%clk 01:06:25]} {[%emt 00:01:22]} Qe8 {[%clk 01:19:39]} {[%emt
00:00:28]} 23. gxh6 {[%clk 01:06:12]} {[%emt 00:00:06]} Kh7 {[%clk 01:18:08]}
{[%emt 00:01:41]} 24. hxg7 {[%clk 01:04:02]} {[%emt 00:02:20]} Nxg7 {[%clk
01:18:04]} {[%emt 00:00:45]} 25. Qf8 {[%clk 01:00:15]} {[%emt 00:03:28]} Qxf8
{[%clk 01:17:51]} {[%emt 00:00:25]} 26. exf8=Q Rxf8 {[%clk 01:17:39]} 27. Re7
{[%clk 01:00:10]} {[%emt 00:00:40]} Bb6 {[%clk 01:17:39]} {[%emt 00:00:08]} 28.
Be3 {[%clk 00:59:38]} {[%emt 00:00:20]} Rb8 {[%clk 01:17:27]} {[%emt 00:00:23]}
29. Bf4 {[%clk 00:59:28]} {[%emt 00:00:26]} Rf8 {[%clk 01:17:27]} {[%emt
00:00:27]} 30. Be5 {[%clk 00:59:28]} Rg8 {[%clk 01:17:04]} {[%emt 00:00:37]} 31.
Rxb7 {[%clk 00:59:27]} {[%emt 00:00:04]} Kh6 {[%clk 01:16:45]} {[%emt
00:00:20]} 32. Rxg7 {[%clk 00:59:27]} {[%emt 00:00:18]} Rxg7 {[%clk 01:16:43]}
33. Bxg7+ {[%clk 00:59:27]} {[%emt 00:00:12]} Kxg7 {[%clk 01:16:43]} 34. Rc1
{[%clk 00:59:22]} {[%emt 00:00:11]} Bxd4 {[%clk 01:16:20]} {[%emt 00:01:12]} 35.
Rxc6 {[%clk 00:59:22]} Bb6 {[%clk 01:15:51]} {[%emt 00:00:10]} 36. Kf3 {[%clk
00:59:22]} {[%emt 00:00:06]} Kf7 {[%clk 01:15:26]} {[%emt 00:00:34]} 37. Rd6
{[%clk 00:59:22]} {[%emt 00:00:48]} d4 {[%clk 01:15:26]} 38. Ke4 {[%clk
00:59:22]} Ke7 {[%clk 01:14:47]} {[%emt 00:00:19]} 39. Rxb6 {[%clk 00:59:02]}
{[%emt 00:00:27]} axb6 {[%clk 01:14:47]} {[%emt 00:00:53]} 40. Kxd4 {[%clk
00:59:02]} Kd6 {[%emt 00:00:33]} 41. a4 {[%clk 00:59:02]} b5 {[%clk 01:14:02]}
{[%emt 00:00:09]} 42. axb5 {[%clk 00:59:02]} {[%emt 00:00:04]} g5 {[%clk
01:13:37]} {[%emt 00:00:49]} 43. b6 {[%clk 00:56:42]} {[%emt 00:02:15]} Kc6
{[%clk 01:13:33]} {[%emt 00:00:18]} 44. Ke5 {[%clk 00:56:42]} Kxb6 {[%clk
01:13:33]} {[%emt 00:00:05]} 45. Kf5 {[%clk 00:56:42]} {[%emt 00:00:20]} Kb5
{[%clk 01:12:36]} {[%emt 00:01:05]} 46. Kxg5 {[%clk 00:56:42]} {[%emt
00:00:13]} 1-0

[Event "2023 US National Elementary K-6 Championship"]
[Site "Baltimore, Maryland, United States"]
[Date "2023.05.12"]
[Round "1.10"]
[White "Rallabandi, Krishna"]
[Black "Antonios, Mila"]
[Result "1-0"]
[TimeControl "G/90; d10"]
[WhiteElo "2095"]
[BlackElo "1395"]

1. d4 {[%clk 01:30:00]} d5 {[%clk 01:30:00]} {[%emt 00:00:06]} 2. c4 {[%clk
01:29:51]} {[%emt 00:00:19]} c6 {[%clk 01:29:48]} {[%emt 00:00:23]} 3. Nc3
{[%clk 01:29:37]} {[%emt 00:00:23]} Nf6 {[%clk 01:29:01]} {[%emt 00:00:57]} 4.
e3 {[%clk 01:29:09]} {[%emt 00:00:39]} e6 {[%clk 01:29:01]} {[%emt 00:00:10]} 5.
Nf3 {[%clk 01:29:00]} {[%emt 00:00:19]} Nbd7 {[%clk 01:28:35]} {[%emt
00:00:36]} 6. Bd3 {[%clk 01:28:31]} {[%emt 00:00:38]} dxc4 {[%clk 01:25:43]}
{[%emt 00:03:02]} 7. Bxc4 {[%clk 01:28:27]} {[%emt 00:00:13]} b5 {[%clk
01:25:40]} {[%emt 00:00:13]} 8. Bd3 {[%clk 01:28:14]} {[%emt 00:00:23]} Bd6
{[%clk 01:21:58]} {[%emt 00:03:52]} 9. Qc2 {[%clk 01:25:16]} {[%emt 00:03:08]}
O-O {[%clk 01:19:14]} {[%emt 00:02:54]} 10. O-O {[%clk 01:24:37]} {[%emt
00:00:49]} Bb7 {[%clk 01:18:59]} {[%emt 00:00:25]} 11. Rd1 {[%clk 01:22:40]}
{[%emt 00:02:06]} Qc7 {[%clk 01:18:55]} {[%emt 00:00:14]} 12. e4 {[%clk
01:13:31]} {[%emt 00:09:18]} e5 {[%clk 01:18:51]} {[%emt 00:00:15]} 13. d5
{[%clk 01:13:07]} {[%emt 00:00:34]} a6 {[%clk 01:18:13]} {[%emt 00:00:48]} 14.
dxc6 {[%clk 01:04:15]} {[%emt 00:09:02]} Bxc6 {[%clk 01:15:18]} {[%emt
00:03:05]} 15. Bg5 {[%clk 01:02:02]} {[%emt 00:02:22]} Rac8 {[%clk 01:13:02]}
{[%emt 00:02:27]} 16. Rac1 {[%clk 01:00:44]} {[%emt 00:01:28]} h6 {[%clk
01:11:17]} {[%emt 00:01:55]} 17. Bh4 {[%clk 00:59:58]} {[%emt 00:00:56]} Qb7
{[%clk 01:09:54]} {[%emt 00:01:32]} 18. Qe2 {[%clk 00:53:17]} {[%emt 00:06:52]}
Rc7 {[%clk 01:09:18]} {[%emt 00:00:46]} 19. a4 {[%clk 00:51:01]} {[%emt
00:02:26]} Rb8 {[%clk 01:07:05]} {[%emt 00:02:23]} 20. axb5 {[%clk 00:47:40]}
{[%emt 00:03:31]} axb5 {[%clk 01:04:56]} {[%emt 00:02:19]} 21. Bb1 {[%clk
00:45:40]} {[%emt 00:02:10]} Bb4 {[%clk 01:02:28]} {[%emt 00:02:39]} 22. Bxf6
{[%clk 00:45:03]} {[%emt 00:00:47]} Bxc3 {[%clk 01:00:08]} {[%emt 00:02:29]} 23.
Rxc3 {[%clk 00:44:38]} {[%emt 00:00:35]} Nxf6 {[%clk 00:58:56]} {[%emt
00:01:22]} 24. Nxe5 {[%clk 00:43:46]} {[%emt 00:01:02]} Rbc8 {[%clk 00:56:41]}
{[%emt 00:02:25]} 25. Nxc6 {[%clk 00:38:55]} {[%emt 00:05:01]} Rxc6 {[%clk
00:56:37]} {[%emt 00:00:14]} 26. Rcd3 {[%clk 00:37:50]} {[%emt 00:01:15]} Qc7
{[%clk 00:55:14]} {[%emt 00:01:33]} 27. e5 {[%clk 00:36:35]} {[%emt 00:01:25]}
Re6 {[%clk 00:53:50]} {[%emt 00:01:34]} 28. Rc3 {[%clk 00:35:27]} {[%emt
00:01:19]} Qb8 {[%clk 00:52:52]} {[%emt 00:01:08]} 29. Rxc8+ {[%clk 00:35:27]}
{[%emt 00:00:05]} Qxc8 {[%clk 00:52:50]} {[%emt 00:00:11]} 30. Bf5 {[%clk
00:35:23]} {[%emt 00:00:13]} b4 {[%clk 00:52:17]} {[%emt 00:00:44]} 31. Bxe6
{[%clk 00:34:35]} {[%emt 00:00:58]} Qxe6 {[%clk 00:52:12]} {[%emt 00:00:14]} 32.
Rd8+ {[%clk 00:34:35]} {[%emt 00:00:06]} Kh7 {[%clk 00:52:04]} {[%emt
00:00:18]} 33. Qd3+ {[%clk 00:34:35]} {[%emt 00:00:09]} g6 {[%clk 00:51:53]}
{[%emt 00:00:21]} 34. exf6 {[%clk 00:34:35]} {[%emt 00:00:04]} Qxf6 {[%clk
00:51:28]} {[%emt 00:00:35]} 35. Qd4 {[%clk 00:34:35]} {[%emt 00:00:09]} Qxd4
{[%clk 00:50:52]} {[%emt 00:00:46]} 36. Rxd4 {[%clk 00:34:35]} {[%emt
00:00:01]} Kg7 {[%clk 00:50:05]} {[%emt 00:00:57]} 37. Rxb4 {[%clk 00:34:35]}
{[%emt 00:00:03]} Kf6 {[%clk 00:49:17]} {[%emt 00:00:58]} 38. Rc4 {[%clk
00:34:35]} {[%emt 00:00:07]} Ke5 {[%clk 00:48:46]} {[%emt 00:00:39]} 39. b4
{[%clk 00:34:35]} {[%emt 00:00:06]} f5 {[%clk 00:48:44]} {[%emt 00:00:12]} 40.
b5 {[%clk 00:34:35]} {[%emt 00:00:04]} Kd5 {[%clk 00:48:44]} {[%emt 00:00:03]}
41. Rc1 {[%clk 00:34:35]} {[%emt 00:00:02]} g5 {[%clk 00:48:44]} {[%emt
00:00:08]} 42. b6 {[%clk 00:34:35]} {[%emt 00:00:02]} h5 {[%clk 00:48:36]}
{[%emt 00:00:18]} 43. b7 {[%clk 00:34:35]} {[%emt 00:00:02]} g4 {[%clk
00:48:31]} {[%emt 00:00:15]} 44. b8=Q {[%clk 00:34:35]} {[%emt 00:00:06]} h4
{[%clk 00:48:31]} {[%emt 00:00:07]} 45. Qb6 {[%clk 00:34:13]} {[%emt 00:00:33]}
Ke4 {[%clk 00:48:31]} {[%emt 00:00:08]} 46. Qd6 {[%clk 00:34:08]} {[%emt
00:00:16]} 1-0

[Event "2023 US National Elementary K-6 Championship"]
[Site "Baltimore, Maryland, United States"]
[Date "2023.05.12"]
[Round "1.6"]
[White "Rajeev, Ameya"]
[Black "Williams, Oscar"]
[Result "0-1"]
[TimeControl "G/90; d10"]
[WhiteElo "1437"]
[BlackElo "2025"]

1. e4 {[%clk 01:30:00]} {[%emt 00:00:28]} c5 {[%clk 01:30:00]} 2. Nc3 {[%clk
01:30:00]} {[%emt 00:00:05]} Nc6 {[%clk 01:29:56]} 3. f4 {[%clk 01:29:51]}
{[%emt 00:00:17]} e6 {[%clk 01:29:29]} {[%emt 00:00:38]} 4. Nf3 {[%clk
01:29:07]} {[%emt 00:00:53]} Nf6 {[%clk 01:28:27]} {[%emt 00:01:16]} 5. Be2
{[%clk 01:28:12]} {[%emt 00:01:23]} d5 {[%clk 01:27:38]} {[%emt 00:00:48]} 6.
exd5 {[%clk 01:26:39]} {[%emt 00:01:33]} exd5 {[%clk 01:27:34]} {[%emt
00:00:21]} 7. d4 {[%clk 01:24:52]} {[%emt 00:01:49]} cxd4 {[%clk 01:23:55]}
{[%emt 00:03:59]} 8. Nxd4 {[%clk 01:24:34]} {[%emt 00:00:24]} Bc5 {[%clk
01:23:25]} {[%emt 00:00:34]} 9. Bb5 {[%clk 01:17:46]} {[%emt 00:07:01]} Qe7+
{[%clk 01:18:42]} {[%emt 00:04:50]} 10. Nce2 {[%clk 01:16:59]} {[%emt
00:00:57]} Bd7 {[%clk 01:17:49]} {[%emt 00:01:04]} 11. Bxc6 {[%clk 01:15:45]}
{[%emt 00:01:33]} bxc6 {[%clk 01:17:42]} {[%emt 00:00:08]} 12. O-O {[%clk
01:13:37]} {[%emt 00:02:22]} Bg4 {[%clk 01:14:14]} {[%emt 00:03:35]} 13. Re1
{[%clk 01:07:08]} {[%emt 00:06:36]} O-O {[%clk 01:10:30]} {[%emt 00:03:54]} 14.
c3 {[%clk 01:06:16]} {[%emt 00:01:03]} Rfe8 {[%clk 01:08:58]} {[%emt 00:01:42]}
15. Kf1 {[%clk 01:05:44]} {[%emt 00:00:50]} Ne4 {[%clk 01:03:48]} {[%emt
00:05:10]} 16. Be3 {[%clk 00:49:30]} {[%emt 00:16:26]} Nxc3 {[%clk 00:59:32]}
{[%emt 00:04:25]} 17. bxc3 {[%clk 00:47:30]} {[%emt 00:02:08]} Qxe3 {[%clk
00:58:19]} {[%emt 00:01:25]} 18. Qc2 {[%clk 00:46:36]} {[%emt 00:01:05]} Re4
{[%clk 00:54:38]} {[%emt 00:03:48]} 19. Rad1 {[%clk 00:44:45]} {[%emt
00:02:04]} Rae8 {[%clk 00:46:28]} {[%emt 00:08:52]} 20. Qd2 {[%clk 00:36:45]}
{[%emt 00:07:36]} Bxd4 {[%clk 00:41:29]} {[%emt 00:05:16]} 21. Qxe3 {[%clk
00:33:22]} {[%emt 00:03:26]} Bxe3 {[%clk 00:41:09]} {[%emt 00:00:36]} 22. h3
{[%clk 00:32:38]} {[%emt 00:00:48]} Bxe2+ {[%clk 00:40:49]} {[%emt 00:00:32]}
23. Rxe2 {[%clk 00:32:38]} {[%emt 00:00:09]} Bxf4 {[%clk 00:40:45]} {[%emt
00:00:10]} 24. Rc2 {[%clk 00:30:55]} {[%emt 00:01:54]} Bg3 {[%clk 00:40:41]}
{[%emt 00:00:13]} 25. Rcc1 {[%clk 00:30:43]} {[%emt 00:00:42]} Kf8 {[%clk
00:40:22]} {[%emt 00:00:09]} 26. Kg1 {[%clk 00:30:10]} {[%emt 00:00:44]} Re1+
{[%clk 00:40:22]} {[%emt 00:00:11]} 27. Rxe1 {[%clk 00:30:10]} {[%emt
00:00:04]} Rxe1+ {[%clk 00:40:22]} {[%emt 00:00:03]} 28. Rxe1 {[%clk 00:30:10]}
{[%emt 00:00:04]} Bxe1 {[%clk 00:40:22]} {[%emt 00:00:03]} 29. Kf1 {[%clk
00:30:00]} {[%emt 00:00:20]} Bxc3 {[%clk 00:40:22]} 0-1

[Event "2023 US National Elementary K-6 Championship"]
[Site "Baltimore, Maryland, United States"]
[Date "2023.05.12"]
[Round "1.11"]
[White "Frederick, Benjamin"]
[Black "Wu, Andrew"]
[Result "0-1"]
[TimeControl "G/90; d10"]
[WhiteElo "1394"]
[BlackElo "2088"]

1. e4 {[%clk 01:30:00]} c6 {[%clk 01:27:10]} {[%emt 00:03:01]} 2. d4 {[%clk
01:30:00]} {[%emt 00:00:08]} d5 {[%clk 01:27:09]} {[%emt 00:00:11]} 3. exd5
{[%clk 01:30:00]} {[%emt 00:00:10]} cxd5 {[%clk 01:27:09]} {[%emt 00:00:06]} 4.
c3 {[%clk 01:29:52]} {[%emt 00:00:18]} Nc6 {[%clk 01:27:04]} {[%emt 00:00:15]}
5. Bf4 {[%clk 01:29:23]} {[%emt 00:00:39]} Nf6 {[%clk 01:26:44]} {[%emt
00:00:31]} 6. Nf3 {[%clk 01:29:08]} {[%emt 00:00:24]} Bg4 {[%clk 01:26:21]}
{[%emt 00:00:33]} 7. Nbd2 {[%clk 01:28:25]} {[%emt 00:00:53]} e6 {[%clk
01:26:12]} {[%emt 00:00:20]} 8. Bd3 {[%clk 01:27:30]} {[%emt 00:01:04]} Bd6
{[%clk 01:25:53]} {[%emt 00:00:29]} 9. Bxd6 {[%clk 01:26:14]} {[%emt 00:01:26]}
Qxd6 {[%clk 01:25:53]} {[%emt 00:00:10]} 10. O-O {[%clk 01:24:41]} {[%emt
00:01:43]} O-O {[%clk 01:25:35]} {[%emt 00:00:28]} 11. h3 {[%clk 01:22:40]}
{[%emt 00:02:11]} Bh5 {[%clk 01:25:20]} {[%emt 00:00:24]} 12. Qb3 {[%clk
01:18:12]} {[%emt 00:04:38]} Rab8 {[%clk 01:24:51]} {[%emt 00:00:39]} 13. Rfe1
{[%clk 01:15:20]} {[%emt 00:03:03]} b5 {[%clk 01:23:02]} {[%emt 00:01:59]} 14.
a3 {[%clk 01:12:12]} {[%emt 00:03:18]} Bg6 {[%clk 01:22:22]} {[%emt 00:00:50]}
15. Bxg6 {[%clk 01:10:36]} {[%emt 00:01:45]} hxg6 {[%clk 01:22:22]} {[%emt
00:00:09]} 16. Ne5 {[%clk 01:09:13]} {[%emt 00:01:33]} a5 {[%clk 01:19:33]}
{[%emt 00:02:59]} 17. Nxc6 {[%clk 01:07:56]} {[%emt 00:01:27]} Qxc6 {[%clk
01:19:32]} {[%emt 00:00:11]} 18. Nf3 {[%clk 01:03:19]} {[%emt 00:04:47]} Qc4
{[%clk 01:16:40]} {[%emt 00:03:03]} 19. Nd2 {[%clk 00:57:16]} {[%emt 00:06:12]}
Qc7 {[%clk 01:14:51]} {[%emt 00:01:59]} 20. Nf3 {[%clk 00:55:12]} {[%emt
00:02:15]} Ne4 {[%clk 01:13:07]} {[%emt 00:01:54]} 21. Ne5 {[%clk 00:52:03]}
{[%emt 00:03:17]} Rfc8 {[%clk 01:05:42]} {[%emt 00:07:36]} 22. Nd3 {[%clk
00:46:42]} {[%emt 00:05:28]} Qc4 {[%clk 01:03:26]} {[%emt 00:02:31]} 23. Qc2
{[%clk 00:44:14]} {[%emt 00:02:38]} Qxd4 {[%clk 01:00:45]} {[%emt 00:02:51]} 24.
cxd4 {[%clk 00:42:20]} {[%emt 00:02:04]} Rxc2 {[%clk 01:00:45]} {[%emt
00:00:09]} 25. Rac1 {[%clk 00:41:10]} {[%emt 00:01:11]} Rbc8 {[%clk 00:59:19]}
{[%emt 00:01:46]} 26. b4 {[%clk 00:39:12]} {[%emt 00:02:08]} axb4 {[%clk
00:56:27]} {[%emt 00:03:02]} 27. axb4 {[%clk 00:38:49]} {[%emt 00:00:33]} Rxc1
{[%clk 00:55:12]} {[%emt 00:01:25]} 28. Rxc1 {[%clk 00:38:46]} {[%emt
00:00:14]} Rc4 {[%clk 00:53:55]} {[%emt 00:01:27]} 29. Rxc4 {[%clk 00:38:10]}
{[%emt 00:00:46]} bxc4 {[%clk 00:52:38]} {[%emt 00:01:27]} 30. Nc1 {[%clk
00:37:54]} {[%emt 00:00:25]} Kf8 {[%clk 00:51:46]} {[%emt 00:01:02]} 31. Kf1
{[%clk 00:37:37]} {[%emt 00:00:23]} Ke7 {[%clk 00:51:31]} {[%emt 00:00:29]} 32.
Ke2 {[%clk 00:37:03]} {[%emt 00:00:45]} Kd6 {[%clk 00:51:02]} {[%emt 00:00:39]}
33. f3 {[%clk 00:36:27]} {[%emt 00:00:46]} Nc3+ {[%clk 00:50:18]} {[%emt
00:00:54]} 34. Kd2 {[%clk 00:35:31]} {[%emt 00:01:06]} Nb5 {[%clk 00:49:12]}
{[%emt 00:01:16]} 35. f4 {[%clk 00:34:53]} {[%emt 00:00:47]} Nxd4 {[%clk
00:49:07]} {[%emt 00:00:16]} 36. Kc3 {[%clk 00:34:17]} {[%emt 00:00:46]} Nb5+
{[%clk 00:49:07]} {[%emt 00:00:08]} 37. Kd2 {[%clk 00:33:50]} {[%emt 00:00:37]}
d4 {[%clk 00:49:05]} {[%emt 00:00:12]} 38. Ne2 {[%clk 00:33:17]} {[%emt
00:00:42]} Kd5 {[%clk 00:48:51]} {[%emt 00:00:24]} 39. Ng3 {[%clk 00:32:52]}
{[%emt 00:00:34]} f6 {[%clk 00:48:27]} {[%emt 00:00:33]} 40. Ke2 {[%clk
00:32:24]} {[%emt 00:00:39]} e5 {[%clk 00:48:18]} {[%emt 00:00:19]} 41. fxe5
{[%clk 00:32:16]} {[%emt 00:00:17]} fxe5 {[%clk 00:48:18]} {[%emt 00:00:06]} 42.
Nf1 {[%clk 00:32:08]} {[%emt 00:00:18]} e4 {[%clk 00:48:11]} {[%emt 00:00:16]}
43. g4 {[%clk 00:31:52]} {[%emt 00:00:26]} d3+ {[%clk 00:47:58]} {[%emt
00:00:24]} 44. Kd2 {[%clk 00:31:40]} {[%emt 00:00:23]} Kd4 {[%clk 00:47:58]}
{[%emt 00:00:09]} 45. h4 {[%clk 00:31:19]} {[%emt 00:00:31]} e3+ {[%clk
00:47:58]} {[%emt 00:00:07]} 46. Nxe3 {[%clk 00:31:19]} {[%emt 00:00:10]} c3+
{[%clk 00:47:58]} {[%emt 00:00:05]} 47. Kd1 {[%clk 00:31:05]} {[%emt 00:00:22]}
Kxe3 {[%clk 00:47:58]} {[%emt 00:00:07]} 48. h5 {[%clk 00:30:59]} {[%emt
00:00:16]} gxh5 {[%clk 00:47:44]} {[%emt 00:00:23]} 49. gxh5 {[%clk 00:30:42]}
{[%emt 00:00:26]} d2 {[%clk 00:47:20]} {[%emt 00:00:35]} 50. h6 {[%clk
00:30:28]} {[%emt 00:00:24]} gxh6 {[%clk 00:47:20]} {[%emt 00:00:02]} 51. Kc2
{[%clk 00:30:27]} {[%emt 00:00:12]} Nd4+ {[%clk 00:47:20]} {[%emt 00:00:06]} 52.
Kb1 {[%clk 00:30:08]} {[%emt 00:00:29]} d1=Q+ {[%clk 00:47:20]} {[%emt
00:00:08]} 53. Ka2 {[%clk 00:30:00]} {[%emt 00:00:19]} Qb3+ {[%clk 00:47:20]}
{[%emt 00:00:09]} 54. Ka1 {[%clk 00:30:00]} {[%emt 00:00:10]} Nc2# {[%emt
00:00:26]} 0-1